| 000 | 00608nam a2200217Ia 4500 | ||
|---|---|---|---|
| 005 | 20250508152246.0 | ||
| 008 | 008 250505s9999 xx 000 0 eng d | ||
| 037 | _aTextual | ||
| 040 |
_aFEDL _beng _cFEDL |
||
| 041 |
_aeng _2eng |
||
| 084 |
_a150, FIS _qFEDL |
||
| 100 | _aFisher Seymour | ||
| 245 | 0 | _aBody image and personality | |
| 260 |
_aToronto _bD. Van Nostrand Company _c1958 |
||
| 300 | _axi,420p. | ||
| 490 | _aThe University series in psychology | ||
| 650 | _aPsychology | ||
| 700 |
_a Cleveland Sidney E _9761093 |
||
| 942 |
_cTEXL _h150, FIS |
||
| 999 |
_c1335350 _d1335350 |
||